Introduction to energy : resources, technology and society
Αποθηκεύτηκε σε:
| Κύριος συγγραφέας: | |
|---|---|
| Άλλοι συγγραφείς: | |
| Μορφή: | Βιβλίο |
| Γλώσσα: | English |
| Δημοσίευση: |
Cambridge :
Cambridge University Press,
1990
|
| Θέματα: | |
| Ετικέτες: |
Προσθήκη ετικέτας
Δεν υπάρχουν, Καταχωρήστε ετικέτα πρώτοι!
|
MARC
| LEADER | 00000cam a2200000 i 4500 | ||
|---|---|---|---|
| 001 | 1/100853 | ||
| 008 | 950428s1990 eng d | ||
| 020 | |a 0521359414 | ||
| 035 | |l 10011866 | ||
| 040 | |a GR-MY-UA |b gre |e aacr | ||
| 041 | 0 | |a eng | |
| 100 | 1 | |a Cassedy, Edward S. | |
| 245 | 1 | 0 | |a Introduction to energy : |b resources, technology and society / |c Cassedy S. Edward; Peter Z. Grossman |
| 260 | |a Cambridge : |b Cambridge University Press, |c 1990 | ||
| 300 | |a 338 p. | ||
| 650 | 0 | 0 | |a Power resources. |
| 650 | 0 | 0 | |a Power (Mechanics) |
| 700 | 1 | |a Grossman, Peter Z. | |
| 852 | |a INST |b LESVOS |e 19950428 |h 333.79 CAS |p 005100000653 |q 005100000653 |t BK |y 0 | ||
| 950 | |a 090-1995-02-23 | ||